[Event "V Torneo Inverno Vomero"]
[Site "Napoli ITA"]
[Date "2010.01.28"]
[Round "3"]
[White "Solombrino, Giovanni"]
[Black "Di Gennaro, Antonio"]
[Result "1-0"]
[WhiteElo "1889"]
[BlackElo "1676"]
[PlyCount "93"]
[EventDate "2010.01.14"]

1. e4 c5 2. Nf3 d6 3. d4 cxd4 4. Nxd4 Nf6 5. Nc3 a6 6. Bg5 e6 7. f4 Qb6 8. Nb3
Nbd7 9. Qd2 Be7 10. Be2 h6 11. Bxf6 Nxf6 12. O-O-O Qc7 13. Bf3 Rb8 14. h4 b5
15. e5 dxe5 16. fxe5 Nd7 17. Ne4 Rb6 18. Nd6+ Bxd6 19. exd6 Qb8 20. Na5 Qa7 21.
Nc6 Qa8 22. Ne5 Qa7 23. Nc6 Qa8 24. Ne5 Qa7 25. Qd4 Nxe5 26. Qxe5 O-O 27. g4 f6
28. Qc5 Bd7 29. Qc7 Qxc7 30. dxc7 Bc8 31. Rd8 Kf7 32. Rhd1 Ke7 33. Rxf8 Kxf8
34. Rd8+ Ke7 35. Rxc8 Kd7 36. Rb8 Kxc7 37. Rxb6 Kxb6 38. h5 Kc7 39. Kd2 Kd6 40.
Kd3 Ke5 41. Ke3 Kd6 42. b4 Kc7 43. Kd4 Kb6 44. c4 bxc4 45. Kxc4 a5 46. b5 Ka7
47. Kc5 1-0

[Event "V Torneo Inverno Vomero"]
[Site "Napoli ITA"]
[Date "2010.02.04"]
[Round "4"]
[White "Caiazzo, Diego"]
[Black "De Rosa, Mariagrazia"]
[Result "1-0"]
[WhiteElo "1862"]
[BlackElo "2089"]
[PlyCount "123"]
[EventDate "2010.01.14"]

1. Nf3 Nf6 2. b3 d5 3. e3 c5 4. Bb2 Nc6 5. Be2 Qc7 6. d4 e6 7. O-O b6 8. c4 Ba6
9. cxd5 Bxe2 10. Qxe2 exd5 11. dxc5 Be7 12. cxb6 Qxb6 13. Nc3 O-O 14. Rfd1 Rfd8
15. Qb5 Nb4 16. Qxb6 axb6 17. Nd4 Rac8 18. a3 Nc6 19. Nxc6 Rxc6 20. Rac1 Rdc8
21. Nb5 Ne4 22. Rxc6 Rxc6 23. Nd4 Rc8 24. Rc1 Rxc1+ 25. Bxc1 Bf6 26. Bb2 Nd2
27. a4 Nxb3 28. Nxb3 Bxb2 29. Kf1 Bc3 30. Ke2 Kf8 31. Kd3 Bf6 32. Nd4 Ke8 33.
Kc3 Kd7 34. Kb4 g6 35. Kb5 Kc7 36. Nc6 Bc3 37. Nd4 Be1 38. f3 h5 39. Nc2 Bf2
40. h3 Bg1 41. Nb4 d4 42. e4 Bh2 43. Kc4 Bg1 44. Nc2 d3 45. Kxd3 Bc5 46. Kc4 h4
47. Nb4 Kd6 48. Nd5 g5 49. Kb5 Ke5 50. Nxb6 Bf2 51. a5 Kf4 52. a6 Kg3 53. a7
Kxg2 54. a8=Q Kxh3 55. Qc8+ Kg2 56. Qg4+ Bg3 57. Nd5 h3 58. Ne3+ Kf2 59. Qxh3
Kxf3 60. Qg2+ Kf4 61. Nd5+ Kg4 62. Nf6+ 1-0

[Event "V Torneo Inverno Vomero"]
[Site "Napoli ITA"]
[Date "2010.02.04"]
[Round "4"]
[White "De Meo, Guido"]
[Black "Solombrino, Giovanni"]
[Result "1/2-1/2"]
[WhiteElo "1860"]
[BlackElo "1889"]
[PlyCount "46"]
[EventDate "2010.01.14"]

1. d4 Nf6 2. c4 g6 3. Nc3 d5 4. g3 Bg7 5. Bg2 c6 6. Nf3 O-O 7. Qb3 dxc4 8. Qxc4
Nbd7 9. O-O Nb6 10. Qd3 Be6 11. b3 Nbd5 12. Bb2 Nxc3 13. Bxc3 Bf5 14. Qd2 Ne4
15. Qb2 Nxc3 16. Qxc3 Be4 17. Rfd1 Qb6 18. Ne5 Bxe5 19. dxe5 Bxg2 20. Kxg2 Rad8
21. Rd3 Rxd3 22. exd3 Rd8 23. Re1 Qd4 1/2-1/2

[Event "V Torneo Inverno Vomero"]
[Site "Napoli ITA"]
[Date "2010.02.04"]
[Round "4"]
[White "De Rosa, Francesco"]
[Black "Messina, Enrico"]
[Result "0-1"]
[WhiteElo "1979"]
[BlackElo "2122"]
[PlyCount "116"]
[EventDate "2010.01.14"]

1. d4 c5 2. d5 e5 3. c4 d6 4. Nc3 Be7 5. e4 Bg5 6. Bd3 Bxc1 7. Qxc1 Ne7 8. Nge2
O-O 9. Ng3 Ng6 10. Qd2 Nf4 11. f3 a6 12. Nf5 g6 13. Nh6+ Kg7 14. Ng4 Bxg4 15.
fxg4 Qh4+ 16. g3 Nxd3+ 17. Qxd3 Qxg4 18. h3 Qh5 19. g4 Qh4+ 20. Ke2 Nd7 21.
Raf1 Rh8 22. Qf3 Raf8 23. Nd1 Qd8 24. Rhg1 f6 25. Ne3 Rf7 26. h4 b5 27. h5 bxc4
28. h6+ Kf8 29. g5 Qa5 30. Nxc4 Qb5 31. b3 Nb6 32. Qd3 Nxc4 33. bxc4 Qb2+ 34.
Ke3 Qd4+ 35. Ke2 Qb2+ 36. Qd2 Qxd2+ 37. Kxd2 Ke7 38. Rb1 Rd8 39. Rgf1 Rd7 40.
Rxf6 Rxf6 41. gxf6+ Kxf6 42. Rb6 g5 43. Rxa6 Kg6 44. a4 Kxh6 45. a5 g4 46. Ke3
Kg5 47. Ra8 h5 48. a6 Kh4 49. a7 Rf7 50. Rd8 Rxa7 51. Rxd6 Kg3 52. Rc6 h4 53.
d6 Rd7 54. Rxc5 Rxd6 55. Rxe5 Rh6 56. Rd5 h3 57. Rd3 h2 58. Kd4+ Kf4 0-1

[Event "V Torneo Inverno Vomero"]
[Site "Napoli ITA"]
[Date "2010.02.04"]
[Round "4"]
[White "Gallo, Thomas Renato"]
[Black "Basso, Lorenzo"]
[Result "0-1"]
[WhiteElo "1889"]
[BlackElo "1899"]
[PlyCount "80"]
[EventDate "2010.01.14"]

1. d4 Nf6 2. c4 c5 3. e3 g6 4. Nc3 Bg7 5. Nf3 O-O 6. Be2 e6 7. O-O Nc6 8. b3
cxd4 9. exd4 d5 10. Ne5 Ne7 11. c5 b6 12. b4 a5 13. b5 bxc5 14. f4 cxd4 15.
Qxd4 Nd7 16. Ba3 Nxe5 17. fxe5 Qc7 18. Bxe7 Bxe5 19. Qc5 Qxc5+ 20. Bxc5 Bxc3
21. Rac1 d4 22. Rxc3 dxc3 23. Bxf8 Kxf8 24. Rc1 Bb7 25. Kf2 Rc8 26. a4 Bd5 27.
Bd1 Ke7 28. g3 f5 29. Ke3 e5 30. h4 Kd6 31. g4 Rc4 32. Kd3 e4+ 33. Ke3 Ke5 34.
gxf5 gxf5 35. Bb3 f4+ 36. Ke2 Rc8 37. Bc2 Rg8 38. Kf2 e3+ 39. Kf1 f3 40. Bxh7
Bc4+ 0-1

[Event "V Torneo Inverno Vomero"]
[Site "Napoli ITA"]
[Date "2010.02.04"]
[Round "4"]
[White "Lerro, Luca"]
[Black "Ficco, Corrado"]
[Result "0-1"]
[WhiteElo "1479"]
[BlackElo "2174"]
[PlyCount "62"]
[EventDate "2010.01.14"]

1. e4 c5 2. Nf3 e6 3. d4 cxd4 4. Nxd4 Nf6 5. Nc3 Nc6 6. Be3 Bb4 7. a3 Bxc3+ 8.
bxc3 Nxe4 9. Qg4 f5 10. Qxg7 Qf6 11. Qxf6 Nxf6 12. Nb5 O-O 13. f3 d5 14. g4
fxg4 15. Rg1 e5 16. O-O-O Rf7 17. c4 d4 18. Bh6 Be6 19. Nd6 Rd7 20. Ne4 Nxe4
21. fxe4 Kf7 22. Be2 Rg8 23. Kb2 Ke8 24. Rdf1 Rf7 25. c3 dxc3+ 26. Kxc3 Nd4 27.
Bxg4 Rxg4 28. Kd3 Rxg1 29. Rxg1 Rf3+ 30. Kd2 Rh3 31. Be3 Nf3+ 0-1

[Event "V Torneo Inverno Vomero"]
[Site "Napoli ITA"]
[Date "2010.02.04"]
[Round "4"]
[White "Pinto, Gaetano"]
[Black "Accardo, Francesco"]
[Result "0-1"]
[WhiteElo "2046"]
[BlackElo "1872"]
[PlyCount "74"]
[EventDate "2010.01.14"]

1. d4 b5 2. e4 Bb7 3. Bd3 e6 4. Nf3 c5 5. c3 Nf6 6. Qe2 b4 7. e5 Nd5 8. c4 Ne7
9. Bf4 Ng6 10. Bg3 Qa5 11. O-O h5 12. h4 cxd4 13. Nxd4 Qc5 14. Nb3 Qc6 15. f3
a5 16. N1d2 a4 17. Nc1 Be7 18. Ne4 Nxh4 19. Nd6+ Bxd6 20. exd6 g5 21. Kh1 Na6
22. Qe5 O-O-O 23. Be4 Qc5 24. Qf6 Bxe4 25. fxe4 Qe3 26. Kh2 Qxe4 27. Rf2 Nf5
28. Be5 Rh6 29. Qxg5 Qxe5+ 30. Kg1 Qg7 31. Qd2 Rg8 32. Nd3 Qd4 33. Kf1 Ne3+ 34.
Ke2 Nxg2 35. c5 Qg4+ 36. Kf1 Nh4 37. Rc1 Qe4 0-1

[Event "V Torneo Inverno Vomero"]
[Site "Napoli ITA"]
[Date "2010.02.04"]
[Round "4"]
[White "Puglisi, Vincenzo"]
[Black "Gallina, Giacomo"]
[Result "1-0"]
[WhiteElo "2024"]
[BlackElo "1705"]
[PlyCount "47"]
[EventDate "2010.01.14"]

1. e4 d5 2. exd5 Nf6 3. c4 c6 4. dxc6 Nxc6 5. Nc3 Bf5 6. Nf3 e5 7. d3 Qb6 8.
Be2 Bc5 9. O-O Ng4 10. Na4 Bxf2+ 11. Kh1 Qd8 12. Ng5 Ne3 13. Bxe3 Bxe3 14. Nxf7
Kxf7 15. Rxf5+ Ke7 16. Nc3 g6 17. Nd5+ Ke8 18. Rf1 Bd4 19. Qa4 Qd6 20. Rf6 Qd7
21. Raf1 Ne7 22. Nc7+ Kd8 23. Ne6+ Ke8 24. Rf8+ 1-0

[Event "V Torneo Inverno Vomero"]
[Site "Napoli ITA"]
[Date "2010.02.04"]
[Round "4"]
[White "Sabia, Corrado"]
[Black "Rosato, Luciano"]
[Result "1/2-1/2"]
[WhiteElo "2176"]
[BlackElo "2264"]
[PlyCount "72"]
[EventDate "2010.01.14"]

1. e4 d6 2. d4 g6 3. Nc3 Bg7 4. Be3 a6 5. Qd2 Nd7 6. Nf3 b5 7. Bd3 Bb7 8. a4 b4
9. Ne2 a5 10. Ng3 c5 11. c3 cxd4 12. cxd4 Rc8 13. O-O Ngf6 14. Bh6 O-O 15. e5
dxe5 16. Bxg7 Kxg7 17. dxe5 Ng4 18. Qe2 Bxf3 19. gxf3 Ngxe5 20. Bb5 Qc7 21. f4
Nc6 22. Rac1 Ndb8 23. f5 Qe5 24. Qg4 Qd4 25. f6+ Kxf6 26. Qf3+ Kg7 27. Bxc6
Nxc6 28. Rxc6 Qxb2 29. Rxc8 Rxc8 30. Qd5 b3 31. Qxa5 Qd4 32. Qg5 Rc5 33. Qe3
Qxe3 34. fxe3 Rc2 35. Rb1 b2 36. Nf1 Rc4 1/2-1/2

[Event "V Torneo Inverno Vomero"]
[Site "Napoli ITA"]
[Date "2010.02.04"]
[Round "4"]
[White "Schiappoli, Dario"]
[Black "Borrelli, Salvatore"]
[Result "0-1"]
[WhiteElo "1971"]
[BlackElo "1967"]
[PlyCount "48"]
[EventDate "2010.01.14"]

1. e4 e5 2. f4 Bc5 3. Nf3 d6 4. Nc3 Nf6 5. Bc4 Nc6 6. d3 Bg4 7. h3 Bxf3 8. Qxf3
exf4 9. Bxf4 Nd4 10. Qg3 Nh5 11. Qg4 Nxf4 12. Qxf4 Nxc2+ 13. Ke2 Nd4+ 14. Kd1
O-O 15. Rf1 Ne6 16. Qg4 Kh8 17. Rf3 Nd4 18. Rg3 Qf6 19. Rf3 Nxf3 20. gxf3 c6
21. Kc2 Qg6 22. h4 f5 23. Qxg6 hxg6 24. Rg1 Bxg1 0-1

[Event "V Torneo Inverno Vomero"]
[Site "Napoli ITA"]
[Date "2010.02.04"]
[Round "4"]
[White "Seletsky, Grigory"]
[Black "Della Corte, Alessandro"]
[Result "1/2-1/2"]
[WhiteElo "2345"]
[BlackElo "2229"]
[PlyCount "50"]
[EventDate "2010.01.14"]

1. e4 d5 2. exd5 Qxd5 3. Nf3 Bg4 4. Be2 Nc6 5. d4 O-O-O 6. c3 e5 7. dxe5 Qxd1+
8. Bxd1 Nxe5 9. Be2 Bxf3 10. gxf3 Nd3+ 11. Bxd3 Rxd3 12. Be3 Rd8 13. Nd2 Ne7
14. Ke2 Nc6 15. Rad1 Be7 16. Ne4 f5 17. Ng3 g6 18. Rxd8+ Rxd8 19. Rd1 Rxd1 20.
Kxd1 Kd7 21. Ke2 Ke6 22. f4 Bd6 23. Kd3 a6 24. Ne2 Kf6 25. c4 Ke6 1/2-1/2

[Event "V Torneo Inverno Vomero"]
[Site "Napoli ITA"]
[Date "2010.02.04"]
[Round "4"]
[White "Vannini, Aldo"]
[Black "Capozzoli, Silvio"]
[Result "1/2-1/2"]
[WhiteElo "1818"]
[BlackElo "1948"]
[PlyCount "84"]
[EventDate "2010.01.14"]

1. d4 Nf6 2. Nf3 b6 3. e3 Bb7 4. c4 e6 5. Be2 c5 6. Nc3 Nc6 7. O-O d5 8. b3 Bd6
9. Bb2 O-O 10. dxc5 bxc5 11. cxd5 exd5 12. Qc2 Re8 13. Rad1 a6 14. a3 Rc8 15.
Qb1 d4 16. exd4 cxd4 17. Bc4 dxc3 18. Bxc3 Qc7 19. Qf5 Ne7 20. Qd3 Bxf3 21.
Qxf3 Bxh2+ 22. Kh1 Be5 23. Bd2 Qc6 24. Qh3 Ng6 25. Bg5 Nf4 26. Bxf4 Bxf4 27.
Rd3 Rcd8 28. Rf3 Qd6 29. Qf5 Bh6 30. Rd3 Qb6 31. Rfd1 Rxd3 32. Rxd3 Re1+ 33.
Kh2 g6 34. Qf3 Bg7 35. Rd7 Qb8+ 36. g3 Qe5 37. Rxf7 Kh8 38. Qa8+ Ne8 39. Qf3
Nf6 40. Qa8+ Qe8 41. Qb7 Nh5 42. Bxa6 Qe5 1/2-1/2

[Event "V Torneo Inverno Vomero"]
[Site "Napoli ITA"]
[Date "2010.02.11"]
[Round "5"]
[White "Accardo, Francesco"]
[Black "Seletsky, Grigory"]
[Result "0-1"]
[WhiteElo "1872"]
[BlackElo "2345"]
[PlyCount "46"]
[EventDate "2010.01.14"]

1. e4 c5 2. Nc3 Nc6 3. f4 e6 4. Bc4 d6 5. a4 Nge7 6. d3 d5 7. Ba2 b5 8. Bd2 Rb8
9. Nf3 g6 10. O-O Bg7 11. Qe1 O-O 12. f5 b4 13. Qh4 bxc3 14. Ng5 h6 15. bxc3
hxg5 16. Bxg5 f6 17. Bf4 g5 18. Bxg5 fxg5 19. Qxg5 Nxf5 20. Qxd8 Rxd8 21. exf5
Bxc3 22. Rad1 exf5 23. Bxd5+ Rxd5 0-1

[Event "V Torneo Inverno Vomero"]
[Site "Napoli ITA"]
[Date "2010.02.11"]
[Round "5"]
[White "Basso, Lorenzo"]
[Black "Messina, Enrico"]
[Result "0-1"]
[WhiteElo "1899"]
[BlackElo "2122"]
[PlyCount "66"]
[EventDate "2010.01.14"]

1. d4 c5 2. dxc5 Na6 3. Be3 e6 4. Nc3 Nf6 5. Nf3 Nxc5 6. g3 d5 7. Bg2 b5 8. a3
Na4 9. Nxa4 bxa4 10. c4 Qa5+ 11. Bd2 Qa6 12. cxd5 Nxd5 13. O-O Be7 14. Rc1 Bb7
15. Re1 O-O 16. e4 Nf6 17. Bf1 Qb6 18. Qxa4 Ng4 19. Qd4 Qb3 20. Bg2 Rfd8 21.
Qc3 Qb6 22. Be3 Nxe3 23. Qxe3 Qxe3 24. Rxe3 Rac8 25. Rce1 g6 26. h4 h5 27. b4
Kg7 28. Ne5 Bf6 29. Nd3 Bd4 30. Rf3 f5 31. Nf4 Rd6 32. Rd3 e5 33. Nd5 fxe4 0-1

[Event "V Torneo Inverno Vomero"]
[Site "Napoli ITA"]
[Date "2010.02.11"]
[Round "5"]
[White "Borrelli, Salvatore"]
[Black "Caiazzo, Diego"]
[Result "0-1"]
[WhiteElo "1967"]
[BlackElo "1862"]
[PlyCount "120"]
[EventDate "2010.01.14"]

1. e4 e6 2. d4 d5 3. Nd2 dxe4 4. Nxe4 Nd7 5. Nf3 Ngf6 6. Bd3 Be7 7. O-O O-O 8.
Qe2 b6 9. Bg5 Bb7 10. Rad1 Nxe4 11. Bxe7 Qxe7 12. Bxe4 Bxe4 13. Qxe4 Nf6 14.
Qe2 Qb4 15. c3 Qa5 16. b4 Qd5 17. c4 Qb7 18. b5 c6 19. a4 cxb5 20. axb5 Ne4 21.
Qd3 a6 22. Rfe1 Nd6 23. Ng5 g6 24. Ne4 Nxe4 25. Rxe4 axb5 26. c5 bxc5 27. dxc5
Rfc8 28. Rd4 Qc6 29. Rd7 Qxc5 30. Qf3 Qf5 31. Qb3 Rab8 32. h3 Rc2 33. Qg3 e5
34. R7d5 Re2 35. Kf1 Qc2 36. Qf3 Re4 37. Qf6 Qe2+ 38. Kg1 Rd4 39. R5xd4 exd4
40. Qxd4 Qc4 41. Qxc4 bxc4 42. Rc1 Rc8 43. Kf1 Kf8 44. Ke2 Ke7 45. Ke3 Ke6 46.
Ke4 f5+ 47. Kf4 c3 48. g4 fxg4 49. hxg4 c2 50. Kg5 Rc7 51. f4 Kf7 52. f5 gxf5
53. Kxf5 h6 54. Kf4 Kf6 55. Kg3 Kg5 56. Kh3 Rc3+ 57. Kg2 Kxg4 58. Kf2 h5 59.
Kg2 h4 60. Kh2 Kf4 0-1

[Event "V Torneo Inverno Vomero"]
[Site "Napoli ITA"]
[Date "2010.02.11"]
[Round "5"]
[White "Capozzoli, Silvio"]
[Black "Pinto, Gaetano"]
[Result "0-1"]
[WhiteElo "1948"]
[BlackElo "2046"]
[PlyCount "126"]
[EventDate "2010.01.14"]

1. e4 Nf6 2. Nc3 e5 3. Bc4 Bc5 4. Nf3 Nc6 5. d3 d6 6. Bg5 h6 7. Bh4 Bg4 8. h3
Bxf3 9. Qxf3 g5 10. Bg3 Nd4 11. Qd1 h5 12. Qd2 h4 13. Bh2 Nh5 14. O-O-O c6 15.
Ne2 Nxe2+ 16. Qxe2 Qf6 17. Kb1 b5 18. Bb3 a5 19. a4 Nf4 20. Qf3 Ke7 21. Rhe1
bxa4 22. Bxa4 Rab8 23. d4 Bxd4 24. c3 Bc5 25. Bxf4 Qxf4 26. Qd3 Rb6 27. g3 Qf6
28. f4 Rhb8 29. Rd2 Ba3 30. b3 Qe6 31. c4 Bb4 32. f5 Qf6 33. g4 Bxd2 34. Qxd2
Rb4 35. Ka2 R8b6 36. Rd1 c5 37. Ka3 Kf8 38. Ka2 Kg7 39. Rc1 Qd8 40. Rc2 Kf6 41.
Qd3 Qb8 42. Rc3 Ke7 43. Ka3 Qb7 44. Qe3 Kf6 45. Qd3 Qc7 46. Qd5 Qb7 47. Qd3 Ke7
48. Qe3 f6 49. Qd3 Kd8 50. Qe3 Rxa4+ 51. Kxa4 Rb4+ 52. Ka3 a4 53. Qd3 Qa6 54.
Kb2 Qb6 55. Ka2 Kc7 56. Qc2 Qa6 57. Kb1 Qa5 58. Kc1 axb3 59. Rxb3 Rxb3 60. Qxb3
Qe1+ 61. Kb2 Qxe4 62. Ka2 Qa8+ 63. Kb2 Qb7 0-1

[Event "V Torneo Inverno Vomero"]
[Site "Napoli ITA"]
[Date "2010.02.11"]
[Round "5"]
[White "De Rosa, Mariagrazia"]
[Black "Vannini, Aldo"]
[Result "1-0"]
[WhiteElo "2089"]
[BlackElo "1818"]
[PlyCount "65"]
[EventDate "2010.01.14"]

1. e4 e6 2. d4 d5 3. e5 c5 4. c3 Nc6 5. Nf3 Qb6 6. a3 Bd7 7. b4 cxd4 8. cxd4
Rc8 9. Be3 Nb8 10. Bd3 Ne7 11. O-O Bb5 12. Ne1 Ng6 13. Nd2 Be7 14. Qe2 Bxd3 15.
Nxd3 O-O 16. Nc5 Bxc5 17. bxc5 Qc6 18. Qg4 f5 19. exf6 Rxf6 20. Nf3 Qe8 21.
Rab1 Rc7 22. Rfe1 Nc6 23. h4 Nf8 24. Bg5 Qg6 25. Qg3 Rff7 26. Rb2 h6 27. Bf4
Qxg3 28. Bxg3 Rcd7 29. Bd6 Ng6 30. Rxe6 Nf4 31. Re8+ Kh7 32. Ne5 Nxe5 33. dxe5
1-0

[Event "V Torneo Inverno Vomero"]
[Site "Napoli ITA"]
[Date "2010.02.11"]
[Round "5"]
[White "Della Corte, Alessandro"]
[Black "Sabia, Corrado"]
[Result "1/2-1/2"]
[WhiteElo "2229"]
[BlackElo "2176"]
[PlyCount "56"]
[EventDate "2010.01.14"]

1. e4 e5 2. Nf3 Nc6 3. Bb5 a6 4. Bxc6 dxc6 5. Nc3 f6 6. d4 Bb4 7. a3 Bxc3+ 8.
bxc3 Bg4 9. Be3 Ne7 10. Qb1 Bxf3 11. gxf3 O-O 12. Qxb7 Qd7 13. Qb3+ Kh8 14. Rg1
Rae8 15. dxe5 fxe5 16. Rg3 Ng6 17. Rd1 Qc8 18. Ke2 Rd8 19. Rxd8 Rxd8 20. Qf7 a5
21. Qc4 Rd6 22. Rg4 Qd7 23. Kf1 h5 24. Rg5 Qh3+ 25. Ke2 Qxh2 26. Qf7 Qh1 27.
Bd4 exd4 28. Rxg6 Rxg6 1/2-1/2

[Event "V Torneo Inverno Vomero"]
[Site "Napoli ITA"]
[Date "2010.02.11"]
[Round "5"]
[White "Di Gennaro, Antonio"]
[Black "Sciaudone, Francesco"]
[Result "0-1"]
[WhiteElo "1676"]
[BlackElo "1575"]
[PlyCount "62"]
[EventDate "2010.01.14"]

1. e4 e5 2. Nf3 Nc6 3. Bb5 a6 4. Ba4 b5 5. Bb3 Nf6 6. O-O Bc5 7. a4 bxa4 8.
Bxa4 Bb7 9. c3 O-O 10. d4 exd4 11. cxd4 Be7 12. Nbd2 Bb4 13. Bc2 Re8 14. e5 Nd5
15. g3 d6 16. Nc4 Nb6 17. Nxb6 cxb6 18. Ng5 h6 19. Bh7+ Kf8 20. Nxf7 Kxf7 21.
Qh5+ Ke7 22. Qh4+ Kd7 23. Bf5+ Kc7 24. exd6+ Bxd6 25. Qh5 Nxd4 26. Qf7+ Re7 27.
Qc4+ Nc6 28. Be4 Qd7 29. Re1 Kb8 30. Bf4 Bxf4 31. Red1 Bd6 0-1

[Event "V Torneo Inverno Vomero"]
[Site "Napoli ITA"]
[Date "2010.02.11"]
[Round "5"]
[White "Esposito, Pino"]
[Black "Di Meo, Antonio"]
[Result "0-1"]
[WhiteElo "1881"]
[BlackElo "1784"]
[PlyCount "90"]
[EventDate "2010.01.14"]

1. Nf3 c6 2. d4 Nf6 3. c4 d5 4. Nc3 a6 5. c5 Nbd7 6. Bf4 Nh5 7. Bd2 g6 8. h3
Bg7 9. g4 Nhf6 10. Bg2 Qc7 11. Bg5 e5 12. e3 O-O 13. O-O Re8 14. Re1 exd4 15.
Bf4 Qd8 16. exd4 Nf8 17. Qb3 Ne6 18. Bh2 Bh6 19. Rad1 Bf4 20. Bxf4 Nxf4 21.
Rxe8+ Qxe8 22. Re1 Qd8 23. Ne2 Nxg2 24. Kxg2 Rb8 25. Qe3 Ne4 26. Qf4 Be6 27. g5
b5 28. h4 Rc8 29. Ne5 f6 30. Ng4 fxg5 31. Nh6+ Kg7 32. Qe5+ Qf6 33. Qxf6+ Kxf6
34. f3 Nd2 35. hxg5+ Kxg5 36. Rh1 Nc4 37. b3 Ne3+ 38. Kg3 Rf8 39. f4+ Kf6 40.
Kf3 Nc2 41. Ng4+ Bxg4+ 42. Kxg4 Re8 43. Ng3 h5+ 44. Kh4 Nxd4 45. Rh2 Nf3+ 0-1

[Event "V Torneo Inverno Vomero"]
[Site "Napoli ITA"]
[Date "2010.02.11"]
[Round "5"]
[White "Esposito, Rosario"]
[Black "Schiappoli, Dario"]
[Result "0-1"]
[WhiteElo "1847"]
[BlackElo "1971"]
[PlyCount "52"]
[EventDate "2010.01.14"]

1. d4 Nf6 2. c4 e5 3. dxe5 Ng4 4. Nf3 Bc5 5. e3 Nc6 6. Be2 O-O 7. Nc3 Re8 8.
O-O a5 9. b3 Ncxe5 10. Nxe5 Nxe5 11. Bb2 Ra6 12. Qd5 Ba7 13. Na4 c6 14. Qd2 b5
15. cxb5 cxb5 16. Bxb5 Nf3+ 17. gxf3 Qg5+ 18. Kh1 Qxb5 19. e4 Qh5 20. Qf4 Bb8
21. e5 Bb7 22. Rg1 Bxf3+ 23. Rg2 Rg6 24. Rag1 Qh3 25. Qg3 Rxg3 26. fxg3 Ba7 0-1

[Event "V Torneo Inverno Vomero"]
[Site "Napoli ITA"]
[Date "2010.02.11"]
[Round "5"]
[White "Guardascione, Federico G."]
[Black "Lerro, Luca"]
[Result "1/2-1/2"]
[WhiteElo "1536"]
[BlackElo "1479"]
[PlyCount "107"]
[EventDate "2010.01.14"]

1. e4 e5 2. Nf3 Nc6 3. d3 Bc5 4. Be2 d6 5. Nbd2 Nf6 6. c3 a5 7. Qc2 Be6 8. O-O
O-O 9. b3 d5 10. Bb2 d4 11. cxd4 Bxd4 12. Nxd4 exd4 13. Nf3 Qd7 14. Rfe1 b6 15.
Rac1 Nb4 16. Qxc7 Qxc7 17. Rxc7 Nxa2 18. Bxd4 b5 19. Nd2 Rfc8 20. Bb6 a4 21.
bxa4 bxa4 22. f4 Ne8 23. Rxc8 Rxc8 24. f5 Bb3 25. Nxb3 axb3 26. Rb1 Rc1+ 27.
Rxc1 Nxc1 28. Bd1 Nd6 29. Bd4 Nb5 30. Bb2 Nxd3 31. Bxg7 Kxg7 32. Bxb3 Nc3 33.
Bc2 Ne5 34. Kf2 Kf6 35. h3 Kg5 36. Ke3 f6 37. g3 h6 38. Kd2 Nb5 39. Ke3 h5 40.
Bd1 Nd6 41. h4+ Kh6 42. Kd4 Nb5+ 43. Kc5 Nc3 44. Bc2 Ne2 45. Kd5 Nxg3 46. Ke6
Kg7 47. Bd1 Nxe4 48. Bxh5 Ng3 49. Bd1 Nf7 50. Bg4 Nh6 51. Bh3 Nh5 52. Bg2 Nxf5
53. Kxf5 Ng3+ 54. Ke6 1/2-1/2

[Event "V Torneo Inverno Vomero"]
[Site "Napoli ITA"]
[Date "2010.02.11"]
[Round "5"]
[White "Solombrino, Giovanni"]
[Black "Puglisi, Vincenzo"]
[Result "0-1"]
[WhiteElo "1889"]
[BlackElo "2024"]
[PlyCount "48"]
[EventDate "2010.01.14"]

1. e4 c5 2. Nf3 d6 3. d4 cxd4 4. Nxd4 Nf6 5. Nc3 a6 6. Bg5 Nbd7 7. f4 e5 8. Nf5
Qb6 9. Rb1 h6 10. Bh4 exf4 11. Bf2 Qc7 12. Qd2 d5 13. Bd3 Bb4 14. exd5 Nxd5 15.
Bd4 N7f6 16. a3 Bxc3 17. bxc3 Bxf5 18. Bxf5 O-O 19. O-O Rfe8 20. Rbe1 Ne3 21.
Bxe3 fxe3 22. Rxe3 Qc5 23. Rfe1 Rxe3 24. Rxe3 Qxf5 0-1

[Event "V Torneo Inverno Vomero"]
[Site "Napoli ITA"]
[Date "2010.02.11"]
[Round "5"]
[White "Zinnai, Graziano Matteo"]
[Black "De Rosa, Francesco"]
[Result "0-1"]
[WhiteElo "1620"]
[BlackElo "1979"]
[PlyCount "82"]
[EventDate "2010.01.14"]

1. e4 c5 2. Nf3 Nc6 3. c3 d5 4. e5 Bg4 5. Bb5 Rc8 6. d4 Qb6 7. Bxc6+ Qxc6 8.
O-O c4 9. Be3 e6 10. Nbd2 Ne7 11. Rc1 Ng6 12. h3 Bf5 13. Ne1 h5 14. g4 hxg4 15.
hxg4 Be4 16. Nxe4 dxe4 17. f3 Qb6 18. fxe4 Nxe5 19. Qe2 Ng6 20. Qf2 Qc7 21. Nf3
Be7 22. Ng5 Bxg5 23. Bxg5 Rh3 24. e5 f6 25. Bxf6 gxf6 26. Qxf6 Ne7 27. Qxe6 Qc6
28. Qf7+ Kd8 29. Kf2 Qe4 30. Rce1 Qc2+ 31. Re2 Rh2+ 32. Kg3 Qxe2 33. Rg1 Rh8
34. Rf1 Qe3+ 35. Rf3 Qd2 36. Rf2 Qe1 37. e6 Qg1+ 38. Kf3 Rh3+ 39. Ke4 Qxg4+ 40.
Ke5 Rh5+ 41. Kf6 Qg5# 0-1

[Event "V Torneo Inverno Vomero"]
[Site "Napoli ITA"]
[Date "2010.02.18"]
[Round "6"]
[White "Capaldo, Salvatore"]
[Black "Solombrino, Giovanni"]
[Result "0-1"]
[WhiteElo "1719"]
[BlackElo "1889"]
[PlyCount "82"]
[EventDate "2010.01.14"]

1. e4 c5 2. Nf3 Nc6 3. d4 cxd4 4. Nxd4 g6 5. Nc3 Bg7 6. Nxc6 bxc6 7. Bd2 d6 8.
Bd3 Nf6 9. h3 O-O 10. Qe2 d5 11. exd5 cxd5 12. O-O Bb7 13. Nd1 d4 14. Bg5 Qd5
15. f4 Rfe8 16. Bc4 Qc5 17. Nf2 Qc6 18. Nd1 a6 19. Bd3 e5 20. f5 e4 21. fxg6
exd3 22. gxf7+ Kxf7 23. Rxf6+ Bxf6 24. Qh5+ Kg8 25. Qg4 Qxg2+ 26. Qxg2 Bxg2 27.
Bxf6 Bf3 28. cxd3 Re1+ 29. Kf2 Rxd1 30. Rxd1 Bxd1 31. Bxd4 Re8 32. Be3 Kf7 33.
b3 Ke6 34. Ke1 Kd5 35. Kd2 Bf3 36. a3 Bg2 37. h4 Kc6 38. h5 Bd5 39. b4 Kb5 40.
Bc5 Ka4 41. Kc3 Bc6 0-1

[Event "V Torneo Inverno Vomero"]
[Site "Napoli ITA"]
[Date "2010.02.18"]
[Round "6"]
[White "De Rosa, Francesco"]
[Black "Gallo, Thomas Renato"]
[Result "1-0"]
[WhiteElo "1979"]
[BlackElo "1889"]
[PlyCount "75"]
[EventDate "2010.01.14"]

1. e4 e5 2. Nf3 Nc6 3. Bb5 Nf6 4. O-O Nxe4 5. Re1 Nd6 6. Nxe5 Nxe5 7. Rxe5+ Be7
8. Nc3 c6 9. Bd3 O-O 10. b3 Ne8 11. Bb2 d5 12. Qf3 Bd6 13. Ree1 Qh4 14. g3 Qg5
15. h4 Qh6 16. Nd1 f5 17. Be5 f4 18. c4 fxg3 19. Qxg3 Bxe5 20. Rxe5 Nf6 21.
cxd5 Nxd5 22. Bc4 Be6 23. Ne3 Rad8 24. a4 Kh8 25. Bxd5 Bxd5 26. Nf5 Qf6 27.
Rae1 Bxb3 28. Qxb3 Qg6+ 29. Ng3 Rxd2 30. Qf3 Kg8 31. Rf5 Rdd8 32. Qb3+ Kh8 33.
h5 Qg4 34. Rxf8+ Rxf8 35. Qxb7 Qxa4 36. Qf7 Rg8 37. Re8 Qd1+ 38. Kh2 1-0

[Event "V Torneo Inverno Vomero"]
[Site "Napoli ITA"]
[Date "2010.02.18"]
[Round "6"]
[White "Di Meo, Antonio"]
[Black "Capozzoli, Silvio"]
[Result "1-0"]
[WhiteElo "1784"]
[BlackElo "1948"]
[PlyCount "97"]
[EventDate "2010.01.14"]

1. d4 Nf6 2. c4 d6 3. Nc3 e5 4. d5 Be7 5. f3 a5 6. e4 Na6 7. Be3 Bd7 8. Bd3 Nh5
9. Nge2 Bg5 10. Bf2 Nf4 11. Nxf4 Bxf4 12. Ne2 Bh6 13. O-O O-O 14. a3 f5 15. Rb1
fxe4 16. Bxe4 Nc5 17. Bc2 b6 18. b4 Nb7 19. Ra1 g6 20. Ng3 Bg7 21. Be4 Bf5 22.
Qd2 Qd7 23. Rfc1 Qa4 24. Qb2 Bh6 25. Rcb1 Qd7 26. Qc2 Qe7 27. Bxf5 gxf5 28.
Nxf5 Rxf5 29. Qxf5 Bg7 30. Qe6+ Qxe6 31. dxe6 e4 32. Ra2 axb4 33. fxe4 bxa3 34.
Rb3 Na5 35. Rbxa3 Re8 36. c5 dxc5 37. Bxc5 Rxe6 38. Re2 Nc4 39. Ra8+ Kf7 40.
Bf2 c5 41. Rea2 Rd6 42. R2a7+ Kg6 43. g3 Rd1+ 44. Kg2 Rd2 45. Rg8 Ne3+ 46. Kf3
Nd1 47. Rgxg7+ Kf6 48. Raf7+ Ke6 49. Bg1 1-0